000 00554nam a2200229 a 4500
001 nice12345678
003 IN_TiNIC
005 20260116011847.0
008 050524s1973 bana grp 000 0 eng
020 _a
_c100
082 0 0 _a269.2
_bLEG
100 _aLegrand, L
245 _aGood News and Witness.
260 _aBangalore
_bTheological Publications in India
_c1973
300 _a179p
500 _aincludes index and biblioraphy
505 2 _aAppendix
650 _aEvangelistic Work
902 _bSRS
942 _cBK
999 _c4519
_d4519